|
|
|
|
| LEADER |
02776nam a2200649 i 4500 |
| 001 |
nkc20162831921 |
| 003 |
CZ PrNK |
| 005 |
20260318134005.0 |
| 007 |
ta |
| 008 |
160914s2016 xr ach e 000 0 cze |
| 015 |
|
|
|a cnb002831921
|
| 020 |
|
|
|a 978-80-87567-97-5
|q (vázáno)
|
| 035 |
|
|
|a (OCoLC)960191011
|
| 040 |
|
|
|a ABA001
|b cze
|e rda
|
| 043 |
|
|
|a e-uk---
|a n-us---
|
| 045 |
|
|
|a x3x5
|
| 072 |
|
7 |
|a 358
|x Vojenské letectvo. Dělostřelectvo. Ženijní jednotky. Technické služby armády. Chemické vojsko
|2 Konspekt
|9 15
|
| 080 |
|
|
|a 358.4
|2 MRF
|
| 080 |
|
|
|a 355.48(100)"1939/1945"
|2 MRF
|
| 080 |
|
|
|a 355.48(519)"1950/1953"
|2 MRF
|
| 080 |
|
|
|a (410)
|2 MRF
|
| 080 |
|
|
|a (73)
|2 MRF
|
| 080 |
|
|
|a (0:82-96)
|2 MRF
|
| 100 |
1 |
|
|a Brzkovský, Marek,
|d 1972-
|7 mzk2014839586
|4 aut
|
| 245 |
1 |
0 |
|a S orlem ve znaku :
|b historie americké stíhací squadrony od Bitvy o Anglii po válku v Koreji /
|c Marek Brzkovský
|
| 250 |
|
|
|a 1. vydání
|
| 264 |
|
1 |
|a Cheb :
|b Svět křídel,
|c 2016
|
| 300 |
|
|
|a 191 stran :
|b ilustrace, portréty, faksimile ;
|c 25 cm
|
| 336 |
|
|
|a text
|b txt
|2 rdacontent
|
| 337 |
|
|
|a bez média
|b n
|2 rdamedia
|
| 338 |
|
|
|a svazek
|b nc
|2 rdacarrier
|
| 490 |
1 |
|
|a Svět křídel ;
|v 219
|
| 500 |
|
|
|a 900 výtisků
|
| 504 |
|
|
|a Obsahuje bibliografii
|
| 610 |
1 |
7 |
|a Velká Británie.
|b Royal Air Force.
|b Squadron, 71
|7 ko2016927359
|2 czenas
|
| 610 |
1 |
7 |
|a Spojené státy americké.
|b Air Force.
|b Fighter Squadron, 334th
|7 ko2016927360
|2 czenas
|
| 648 |
|
7 |
|a 1939-1945
|7 ch460653
|2 czenas
|
| 648 |
|
4 |
|a 1950-1953
|
| 650 |
0 |
7 |
|a vojenské letectvo
|7 ph116625
|z Velká Británie
|y 1939-1945
|2 czenas
|
| 650 |
0 |
7 |
|a vojenské letectvo
|7 ph116625
|z Spojené státy americké
|y 1939-1945
|2 czenas
|
| 650 |
0 |
7 |
|a vojenské letectvo
|7 ph116625
|z Spojené státy americké
|y 1950-1953
|2 czenas
|
| 650 |
0 |
7 |
|a druhá světová válka (1939-1945)
|7 ph117270
|z Spojené státy americké
|2 czenas
|
| 650 |
0 |
7 |
|a korejská válka (1950-1953)
|7 ph121858
|z Spojené státy americké
|2 czenas
|
| 650 |
0 |
9 |
|a air forces
|z Great Britain
|y 1939-1945
|2 eczenas
|
| 650 |
0 |
9 |
|a air forces
|z United States
|y 1939-1945
|2 eczenas
|
| 650 |
0 |
9 |
|a air forces
|z United States
|y 1950-1953
|2 eczenas
|
| 650 |
0 |
9 |
|a World War (1939-1945)
|z United States
|2 eczenas
|
| 650 |
0 |
9 |
|a Korean War (1950-1953)
|z United States
|2 eczenas
|
| 655 |
|
7 |
|a literatura faktu
|7 fd132773
|2 czenas
|
| 655 |
|
9 |
|a non-fiction
|2 eczenas
|
| 710 |
2 |
|
|a Svět křídel (nakladatelství)
|7 kn20080217002
|4 pbl
|
| 830 |
|
0 |
|a Svět křídel
|0 s
|
| 910 |
2 |
|
|a BOA001
|b 2-1377.462
|
| 990 |
|
|
|a BK
|
| 995 |
|
|
|a 01
|
| 996 |
6 |
|
|b 2610688446
|c 2-1377.462
|l MZK
|r Sklad / do 1 hodiny
|n 1
|p p.v.
|w 001587271
|u 000010
|a 1
|e BOA001
|j MZK50
|s P
|
| 996 |
7 |
|
|b 2610689244
|c 2-1377.462
|l MZK
|r Sklad / do 1 hodiny
|n 2
|p kup
|w 001587271
|u 000020
|a 1
|e BOA001
|j MZK50
|s A
|